National Report for the Special Session of the UN General Assembly on Follow Up to the World Summit for Children (Record no. 3805)
[ view plain ]
| 000 -LEADER | |
|---|---|
| fixed length control field | 00332nam a22001097a 4500 |
| 008 - FIXED-LENGTH DATA ELEMENTS--GENERAL INFORMATION | |
| fixed length control field | 230704b xxu||||| |||| 00| 0 eng d |
| 082 ## - DEWEY DECIMAL CLASSIFICATION NUMBER | |
| Classification number | 362.7 |
| Item number | UNI 2000 |
| 245 ## - TITLE STATEMENT | |
| Title | National Report for the Special Session of the UN General Assembly on Follow Up to the World Summit for Children |
| 260 ## - PUBLICATION, DISTRIBUTION, ETC. (IMPRINT) | |
| Date of publication, distribution, etc. | 2000 |
| 300 ## - PHYSICAL DESCRIPTION | |
| Extent | 23p |
| 942 ## - ADDED ENTRY ELEMENTS (KOHA) | |
| Source of classification or shelving scheme | Dewey Decimal Classification |
| Koha item type | Books |
| Withdrawn status | Lost status | Source of classification or shelving scheme | Damaged status | Not for loan | Home library | Current library | Date acquired | Total Checkouts | Full call number | Barcode | Date last seen | Price effective from | Koha item type |
|---|---|---|---|---|---|---|---|---|---|---|---|---|---|
| Dewey Decimal Classification | County Hall Archives | County Hall Archives | 07/04/2023 | 362.7 UNI 2000 | 10010059 | 07/04/2023 | 07/04/2023 | Books | |||||
| Dewey Decimal Classification | County Hall Archives | County Hall Archives | 07/04/2023 | 362.7 UNI 2000 | 10010062 | 07/04/2023 | 07/04/2023 | Books | |||||
| Dewey Decimal Classification | County Hall Archives | County Hall Archives | 07/04/2023 | 362.7 UNI 2000 | 10010061 | 07/04/2023 | 07/04/2023 | Books | |||||
| Dewey Decimal Classification | County Hall Archives | County Hall Archives | 07/04/2023 | 362.7 UNI 2000 | 10010060 | 07/04/2023 | 07/04/2023 | Books | |||||
| Dewey Decimal Classification | County Hall Archives | County Hall Archives | 07/04/2023 | 362.7 UNI 2000 | 10010058 | 07/04/2023 | 07/04/2023 | Books |
